Pensar en el agua. Representaciones sociales, ideologías y prácticas: un modelo de las relaciones con el agua en diferentes contextos societales /

En esta investigación se busca identificar los factores que modulan las relaciones con el agua en el medio urbano, a partir de las representaciones propias de diferentes contextos culturales. Esto con el fin de proponer un modelo que las integre en una perspectiva de comportamiento favorable para un...

Disgrifiad llawn

Wedi'i Gadw mewn:
Manylion Llyfryddiaeth
Prif Awdur: Moser, Gabriel
Awduron Eraill: Ratiu, Eugenia, De Vanssay, Bernardette
Fformat: Texto
Pynciau:
Tagiau: Ychwanegu Tag
Dim Tagiau, Byddwch y cyntaf i dagio'r cofnod hwn!

MARC

LEADER 00000 a a2200000 04500
001 18770
003
040
100 |a Moser, Gabriel  
245 |a Pensar en el agua. Representaciones sociales, ideologías y prácticas:   |b un modelo de las relaciones con el agua en diferentes contextos societales /  |c Gabriel Moser ; Eugenia Ratiu ; Bernardette De Vanssay 
520 |a En esta investigación se busca identificar los factores que modulan las relaciones con el agua en el medio urbano, a partir de las representaciones propias de diferentes contextos culturales. Esto con el fin de proponer un modelo que las integre en una perspectiva de comportamiento favorable para un desarrollo sustentable  
650 |a REPRESENTACION SOCIAL  
650 |a AGUA  
650 |a ZONAS URBANAS  
650 |a COMPORTAMIENTO SOCIAL  
700 |a Ratiu, Eugenia  
700 |a De Vanssay, Bernardette  
773 |g volumen 7, número 18; páginas 79-91  
999 |c 32448  |d 32448